W sprawie menedzerskiego ksztalcenia inzynierów.

Vývoj výchovy technických kádrov v Poľsku. V roku 1988 technické smery štúdia dosiahli 27 perc. absolventov vysokých škôl. Hodnotenie kvalifikácie technických a odborných manažérskych kádrov. Smery reformy modelu technického vzdelávania. Žiaduca štruktúra vyučovacích predmetov.

Saved in:
Bibliographic Details
Main Author: Krzyzanowski, L.
Format: Book Chapter
Language:Polish
Subjects:
Tags: Add Tag
No Tags, Be the first to tag this record!

MARC

LEADER 00000naa a2200000 4500
001 r004413
005 20221125122651.3
041 0 |a pol 
044 |a PL 
245 1 0 |a W sprawie menedzerskiego ksztalcenia inzynierów.  |c L. Krzyzanowski 
520 |a Vývoj výchovy technických kádrov v Poľsku. V roku 1988 technické smery štúdia dosiahli 27 perc. absolventov vysokých škôl. Hodnotenie kvalifikácie technických a odborných manažérskych kádrov. Smery reformy modelu technického vzdelávania. Žiaduca štruktúra vyučovacích predmetov. 
610 2 0 |a vzdelanie 
610 2 0 |a absolventi 
610 2 0 |a manažment 
610 2 0 |a PR 
610 2 0 |a školy vysoké 
610 2 0 |a plán učebný 
610 2 0 |a technika 
100 1 |a Krzyzanowski, L.